000
00234nam a2200109Ia 4500
008
220120s9999||||xx |||||||||||||| ||und||
082
_a
005.43 KOC
100
_a
Kochan
245
0
_a
Unix
260
_b
New Delhi
300
_a
255p.
_b
165
999
_c
136355
_d
136355